Introductory Transformational Grammar English

Enregistré dans:
Détails bibliographiques
Auteur principal: Lester, Mark
Format: Livre
Langue:Undetermined
Publié: New York, Estados Unidos Holt, Rinehart and Winston 1971
Sujets:
Tags: Ajouter un tag
Pas de tags, Soyez le premier à ajouter un tag!

MARC

LEADER 00000nam a2200000Ia 4500
008 170316s9999 xx 000 0 und d
090 |a 415-I L-5i 
100 |a Lester, Mark 
245 |a Introductory Transformational Grammar English 
260 |a New York, Estados Unidos 
260 |b Holt, Rinehart and Winston 
260 |c 1971 
300 |a 335 páginas 
650 |a GRAMÁTICA INGLESA 
999 |c 19447  |d 19447 
040 |a cru BVZT 
942 |c 15 D  |h 415-I L-5i  |2 z